| 000 | 01846nam0a2200373 4500 | ||
|---|---|---|---|
| 001 | RU\NLR\bibl\1652904 | ||
| 005 | 20250616034123.0 | ||
| 010 |
_a978-5-904314-16-3 _9500 |
||
| 021 |
_aRU _b2010-42523 _92849 |
||
| 035 | _a(NLR Aleph) 001644222 | ||
| 090 |
_a881103 _c881103 |
||
| 100 | _a20100607d2010 |||y0rusy50 ca | ||
| 101 | 0 | _arus | |
| 102 | _aRU | ||
| 105 | _ay z ||||| | ||
| 200 | 1 |
_aИсторический опыт отечественных модернизаций в России (V-XXI века) _eмонография _fА. Г. Рогачев _gНОУ ВПО "Санкт-Петербургский ин-т внешнеэкономических связей, экономики и права", Фил. в г. Красноярске |
|
| 210 |
_aКрасноярск _cФилиал НОУ ВПО "Санкт-Петербургский институт внешнеэкономических связей, экономики и права" _d2010 |
||
| 215 |
_a178, [1] с. _d20 |
||
| 320 | _aБиблиогр. в конце гл. | ||
| 606 | 1 |
_aМодернизация _yРоссия _92285740 _3RU\NLR\auth\661369196 |
|
| 610 | 0 | _aИстория. Исторические науки -- Россия -- Период 5-начала 21 в. | |
| 610 | 0 | _aСоциология -- Социальные процессы -- Социальное изменение | |
| 610 | 0 | _aРоссия | |
| 610 | 0 | _aпроцесс модернизации в обществе | |
| 686 |
_aТ3(2)0,02 _2rubbk |
||
| 686 |
_aС556.75,0 _2rubbk |
||
| 686 | _aТ3(2)0-03 | ||
| 700 | 1 |
_aРогачев _bА. Г. _gАлександр Георгиевич _4070 |
|
| 801 | 0 |
_aRU _bРГБ _c20100607 _grcr |
|
| 801 | 1 |
_aRU _bРГБ _c20100607 |
|
| 801 | 2 |
_aRU _bNLR _c20100707 _grcr |
|
| 942 | _cBOOK | ||
| 980 | _aNB | ||